| 000 -ლიდერი |
| ფიქსირებული სიგრძის საკონტროლო ველი |
01370nam a2200253Ia 4500 |
| 001 - საკონტროლო ნომერი |
| საკონტროლო ველი |
3469 |
| 003 - საკონტროლო ნომრის იდენტიფიკატორი |
| საკონტროლო ველი |
GE_BSU |
| 005 - ბოლო ოპერაციის თარიღი და დრო |
| საკონტროლო ველი |
20190604143935.0 |
| 008 - ფიქსირებული სიგრძის მონაცემთა ელემენტები - ზოგადი ინფორმაცია |
| ფიქსირებული სიგრძის საკონტროლო ველი |
181216s1990|||| |||||||||||||| ||geo|| |
| 040 ## - კატალოგიზაციის წყარო |
| Transcribing agency |
GE_BSU |
| 041 ## - ენის კოდი |
| Language code of text/sound track or separate title |
geo |
| 080 ## - უნივერსალური ათობითი კლასიფიკაციის ინდექსი |
| Universal Decimal Classification number |
821.112.2(436)+32(44)(092) ც-53 |
| 100 ## - მთავარი ჩანაწერი - პიროვნების სახელი |
| Personal name |
ცვაიგი, შტეფან |
| 9 (RLIN) |
2033 |
| 245 ## - ცნობა სათაურის შესახებ |
| Title |
ჟოზეფ ფუშე : პოლიტიკური მოღვაწის პორტრეტი / |
| Statement of responsibility, etc |
შტეფან ცვაიგი ; შესავალი წერილი და კომენტარები კარლო ჯონჯანელისა ; რედ : ა. შონია. |
| 250 ## - გამოცემის ცნობა |
| Edition statement |
თარგმანი გერმანულიდან. |
| 264 ## - წარმოების, გამოცემის, დისტრიბუციის და სხვა ცნობები |
| გამოცემის, წარმოების, დისტრიბუციის... ადგილი |
ბათუმი : |
| გამოცემის, წარმოების, დისტრიბუციის... სახელწოდება |
აჭარა, |
| გამოცემის, წარმოების, დისტრიბუციის... თარიღი |
1990. |
| 300 ## - ფიზიკური აღწერა |
| Extent |
287 გვ : |
| Dimensions |
20 სმ. |
| 500 ## - ზოგადი შენიშვნა |
| General note |
კომენტერები გვ.:271-285. |
| 653 ## - INDEX TERM--UNCONTROLLED |
| Uncontrolled term |
ჟოზეფ ფუშე:პოლიტიკური მოღვაწის პორტრეტი |
| 653 ## - INDEX TERM--UNCONTROLLED |
| Uncontrolled term |
მხატვრული ლიტერატურა |
| 700 ## - ADDED ENTRY--PERSONAL NAME |
| Personal name |
ჯონჯანელი, კარლო |
| Relator term |
შსავალი წერილი და კომენტარები |
| 9 (RLIN) |
2034 |
| 700 ## - ADDED ENTRY--PERSONAL NAME |
| Personal name |
შონია, ა |
| Relator term |
რედაქტორი |
| 9 (RLIN) |
2035 |
| 942 ## - ADDED ENTRY ELEMENTS (KOHA) |
| Koha item type |
წიგნი |
| Source of classification or shelving scheme |
|